| 000 | 00848nam a2200241 u 4500 | ||
|---|---|---|---|
| 005 | 20250411063848.0 | ||
| 008 | 190830s1992 r 000 0 eng d | ||
| 020 | _a9688056855 | ||
| 035 | _aUPN01000232561 | ||
| 040 |
_aUPN _bspa _cUPN |
||
| 049 | _aCG | ||
| 050 | 4 |
_aF1234 _bT4.7 |
|
| 245 | 0 | 0 |
_aTestimonios de la Revolución Mexicana en Tamaulipas / _cJorge Trujillo Bautista, comp. y notas |
| 260 |
_aMéxico : _bINEHRM : _bSecretaría de Gobernación : _bGobierno del Estado de Tamaulipas : _bInstituto Tamaulipeco de Cultura , _c1992. |
||
| 300 |
_a156 p. : _bil. |
||
| 440 | 0 | _aTestimonio | |
| 651 | 4 |
_aMéxico _xHistoria _yRevolución, 1910-1917 _vRelatos personales _913095 |
|
| 651 | 7 |
_aTamaulipas _xHistoria _2 _924409 |
|
| 700 | 1 |
_aTrujillo Bautista, Jorge, _ecomp. |
|
| 905 | _aLibro | ||
| 942 |
_2lcc _cLIBRO |
||
| 999 |
_c204656 _d204656 |
||